[Event "Olomouc Chess Summer 2022 - D"]
[Site "Olomouc (CZE), Hotel Flora"]
[Date "2022.08.14"]
[Round "2"]
[Board "16"]
[White "Kucera, Jiri"]
[Black "Loibl, Johann"]
[Result "1/2-1/2"]
[WhiteElo "1967"]
[BlackElo "1784"]
[PlyCount "0"]
[EventDate "2022.08.13"]
[EventRounds "9"]
[EventCountry "CZE"]

1. e4 {[%clk 1:30:17]} e5 {[%clk 1:30:54]} 2. Nc3 {[%clk 1:29:24]} Nc6
{[%clk 1:30:52]} 3. g3 {[%clk 1:29:17]} Bc5 {[%clk 1:30:35]} 4. Bg2
{[%clk 1:26:27]} d6 {[%clk 1:30:20]} 5. Na4 {[%clk 1:24:18]} Bb6 {[%clk 1:30:11]}
6. Nxb6 {[%clk 1:21:58]} axb6 {[%clk 1:30:35]} 7. Ne2 {[%clk 1:21:15]} Nf6
{[%clk 1:25:52]} 8. O-O {[%clk 1:14:04]} O-O {[%clk 1:23:09]} 9. d4
{[%clk 1:12:54]} h6 {[%clk 1:14:28]} 10. h3 {[%clk 1:07:17]} Bd7 {[%clk 0:59:11]}
11. Be3 {[%clk 0:49:52]} exd4 {[%clk 0:50:22]} 12. Nxd4 {[%clk 0:49:57]} Re8
{[%clk 0:45:59]} 13. f3 {[%clk 0:39:56]} d5 {[%clk 0:42:35]} 14. exd5
{[%clk 0:34:54]} Nxd5 {[%clk 0:40:34]} 15. Bf2 {[%clk 0:34:27]} Ne3
{[%clk 0:38:02]} 16. Bxe3 {[%clk 0:34:16]} Rxe3 {[%clk 0:38:24]} 17. Qd2
{[%clk 0:29:41]} Qe7 {[%clk 0:35:50]} 18. Nxc6 {[%clk 0:20:40]} Bxc6
{[%clk 0:35:54]} 19. Kf2 {[%clk 0:20:03]} Re8 {[%clk 0:35:17]} 20. Rfe1
{[%clk 0:18:05]} Rxe1 {[%clk 0:34:15]} 21. Rxe1 {[%clk 0:18:25]} Qc5+
{[%clk 0:34:11]} 22. Re3 {[%clk 0:15:44]} Rxe3 {[%clk 0:33:48]} 23. Qxe3
{[%clk 0:16:08]} Qxc2+ {[%clk 0:34:13]} 24. Qe2 {[%clk 0:16:25]} Qc5+
{[%clk 0:31:43]} 25. Qe3 {[%clk 0:15:32]} f5 {[%clk 0:28:20]} 26. Bf1
{[%clk 0:12:36]} Kf7 {[%clk 0:27:23]} 27. b3 {[%clk 0:09:09]} Kf6
{[%clk 0:25:45]} 28. Bc4 {[%clk 0:08:38]} Qxe3+ {[%clk 0:22:03]} 29. Kxe3
{[%clk 0:09:06]} g5 {[%clk 0:19:31]} 30. f4 {[%clk 0:08:41]} Bg2 {[%clk 0:15:31]}
31. h4 {[%clk 0:08:56]} gxh4 {[%clk 0:15:41]} 32. gxh4 {[%clk 0:09:25]} Be4
{[%clk 0:14:56]} 33. a4 {[%clk 0:08:13]} Kg6 {[%clk 0:14:14]} 34. Kf2
{[%clk 0:08:32]} Kf6 {[%clk 0:13:42]} 35. Ke3 {[%clk 0:08:57]} Ke7
{[%clk 0:13:29]} 36. Kd4 {[%clk 0:04:53]} Kd6 {[%clk 0:13:42]} 37. Bf7
{[%clk 0:03:51]} c6 {[%clk 0:11:14]} 38. Bg8 {[%clk 0:02:39]} Bd5
{[%clk 0:06:51]} 39. Bxd5 {[%clk 0:02:13]} cxd5 {[%clk 0:07:16]} 40. b4
{[%clk 0:02:40]} h5 {[%clk 0:07:15]} 41. Kd3 {[%clk 0:02:06]} Kc6
{[%clk 0:00:34]} 42. Kd4 {[%clk 0:02:29]}  1/2-1/2

[Event "Olomouc Chess Summer 2022 - D"]
[Site "Olomouc (CZE), Hotel Flora"]
[Date "2022.08.14"]
[Round "3"]
[Board "1"]
[White "Cap, Piotr"]
[Black "Stigar, Petter"]
[Result "1/2-1/2"]
[WhiteElo "2025"]
[BlackElo "2212"]
[PlyCount "0"]
[EventDate "2022.08.13"]
[EventRounds "9"]
[EventCountry "CZE"]

1. d4 {[%clk 1:30:50]} Nf6 {[%clk 1:30:48]} 2. Bg5 {[%clk 1:29:46]} d5
{[%clk 1:31:00]} 3. Bxf6 {[%clk 1:30:03]} exf6 {[%clk 1:31:24]} 4. e3
{[%clk 1:30:21]} Bd6 {[%clk 1:31:44]} 5. g3 {[%clk 1:30:21]} c6 {[%clk 1:30:12]}
6. Nd2 {[%clk 1:29:47]} Nd7 {[%clk 1:29:16]} 7. Bg2 {[%clk 1:29:08]} f5
{[%clk 1:22:32]} 8. Ne2 {[%clk 1:28:51]} h5 {[%clk 1:21:07]} 9. h4
{[%clk 1:24:42]} Nf6 {[%clk 1:19:30]} 10. c4 {[%clk 1:21:35]} dxc4
{[%clk 1:12:43]} 11. Nxc4 {[%clk 1:21:40]} Bc7 {[%clk 1:13:10]} 12. Qd3
{[%clk 1:19:22]} Qe7 {[%clk 1:11:24]} 13. O-O-O {[%clk 1:14:16]} Ne4
{[%clk 1:02:23]} 14. Rhf1 {[%clk 1:11:09]} Be6 {[%clk 1:00:54]} 15. Nc3
{[%clk 1:04:25]} Qb4 {[%clk 0:54:20]} 16. d5 {[%clk 0:53:23]} cxd5
{[%clk 0:43:12]} 17. Nxd5 {[%clk 0:44:26]} Bxd5 {[%clk 0:41:04]} 18. Qxd5
{[%clk 0:44:37]} Rd8 {[%clk 0:40:57]} 19. a3 {[%clk 0:40:17]} Qa4
{[%clk 0:37:32]} 20. Bxe4 {[%clk 0:31:39]} Rxd5 {[%clk 0:37:09]} 21. Bxd5
{[%clk 0:32:00]} O-O {[%clk 0:35:00]} 22. Rd4 {[%clk 0:31:49]} Qa6
{[%clk 0:30:39]} 23. Kb1 {[%clk 0:22:22]} b5 {[%clk 0:28:43]} 24. Nd2
{[%clk 0:22:41]} Be5 {[%clk 0:25:55]} 25. Rd3 {[%clk 0:22:38]} Qf6
{[%clk 0:23:31]} 26. Nf3 {[%clk 0:19:16]} Qe7 {[%clk 0:13:14]} 27. Rfd1
{[%clk 0:17:05]} Bf6 {[%clk 0:13:21]} 28. Nd4 {[%clk 0:12:52]} Bxd4
{[%clk 0:11:09]} 29. Rxd4 {[%clk 0:13:12]} Rc8 {[%clk 0:08:41]} 30. Bb3
{[%clk 0:12:35]} Rc7 {[%clk 0:09:04]} 31. Rd5 {[%clk 0:08:42]} a6
{[%clk 0:08:59]} 32. Ka2 {[%clk 0:08:45]} g6 {[%clk 0:08:49]} 33. Rd6
{[%clk 0:08:51]} a5 {[%clk 0:06:58]} 34. Rxg6+ {[%clk 0:08:31]} Kh7
{[%clk 0:02:53]} 35. Rg5 {[%clk 0:06:57]} a4 {[%clk 0:02:47]} 36. Rxh5+
{[%clk 0:06:44]} Kg6 {[%clk 0:02:16]} 37. Rg5+ {[%clk 0:06:45]} Kf6
{[%clk 0:02:09]} 38. Bd5 {[%clk 0:05:29]} Rc2 {[%clk 0:02:08]} 39. Rd4
{[%clk 0:03:46]}  1/2-1/2

[Event "Olomouc Chess Summer 2022 - D"]
[Site "Olomouc (CZE), Hotel Flora"]
[Date "2022.08.14"]
[Round "3"]
[Board "2"]
[White "Nemec, Pavel"]
[Black "Dusbaba, Karel"]
[Result "1/2-1/2"]
[WhiteElo "2159"]
[BlackElo "2005"]
[PlyCount "0"]
[EventDate "2022.08.13"]
[EventRounds "9"]
[EventCountry "CZE"]

1. e4 {[%clk 1:30:57]} e6 {[%clk 1:30:53]} 2. d4 {[%clk 1:31:18]} d5
{[%clk 1:31:13]} 3. e5 {[%clk 1:31:39]} c5 {[%clk 1:31:07]} 4. c3
{[%clk 1:32:08]} Nc6 {[%clk 1:31:27]} 5. Nf3 {[%clk 1:32:31]} Qb6
{[%clk 1:31:23]} 6. a3 {[%clk 1:32:54]} a5 {[%clk 1:31:05]} 7. Be2
{[%clk 1:32:33]} Bd7 {[%clk 1:28:11]} 8. O-O {[%clk 1:32:41]} Nge7
{[%clk 1:28:02]} 9. dxc5 {[%clk 1:32:09]} Qc7 {[%clk 1:28:24]} 10. Re1
{[%clk 1:06:40]} Ng6 {[%clk 1:24:08]} 11. Bd3 {[%clk 0:58:35]} Bxc5
{[%clk 1:22:57]} 12. Qe2 {[%clk 0:58:27]} Qb6 {[%clk 1:19:54]} 13. Qc2
{[%clk 0:49:10]} Qc7 {[%clk 1:17:03]} 14. Bxg6 {[%clk 0:43:59]} hxg6
{[%clk 1:14:31]}  1/2-1/2

[Event "Olomouc Chess Summer 2022 - D"]
[Site "Olomouc (CZE), Hotel Flora"]
[Date "2022.08.14"]
[Round "3"]
[Board "3"]
[White "Marek, Jiri"]
[Black "Sejkora, Vlastimil"]
[Result "0-1"]
[WhiteElo "1909"]
[BlackElo "2151"]
[PlyCount "0"]
[EventDate "2022.08.13"]
[EventRounds "9"]
[EventCountry "CZE"]

1. e4 c5 {[%clk 1:30:58]} 2. Nf3 {[%clk 1:30:38]} Nf6 {[%clk 1:31:27]} 3. e5
{[%clk 1:30:36]} Nd5 {[%clk 1:31:55]} 4. d4 {[%clk 1:30:44]} cxd4
{[%clk 1:31:58]} 5. Qxd4 {[%clk 1:31:11]} e6 {[%clk 1:31:18]} 6. Bc4
{[%clk 1:31:13]} Nc6 {[%clk 1:31:36]} 7. Qe4 {[%clk 1:31:39]} f5 {[%clk 1:31:15]}
8. exf6 {[%clk 1:31:48]} Nxf6 {[%clk 1:31:42]} 9. Qe2 {[%clk 1:31:29]} Be7
{[%clk 1:30:00]} 10. O-O {[%clk 1:30:25]} O-O {[%clk 1:30:19]} 11. Rd1
{[%clk 1:29:34]} Qe8 {[%clk 1:29:42]} 12. Nc3 {[%clk 1:29:09]} a6
{[%clk 1:27:05]} 13. a4 {[%clk 1:28:48]} Qh5 {[%clk 1:25:42]} 14. Bf4
{[%clk 1:23:28]} d5 {[%clk 1:22:43]} 15. Bb3 {[%clk 1:20:52]} Bc5
{[%clk 1:15:17]} 16. Bg3 {[%clk 1:20:16]} Bd7 {[%clk 1:14:58]} 17. a5
{[%clk 1:12:12]} Rae8 {[%clk 1:12:05]} 18. Na4 {[%clk 1:02:14]} Bb4
{[%clk 1:10:25]} 19. c3 {[%clk 0:52:52]} Bxa5 {[%clk 1:09:20]} 20. Nc5
{[%clk 0:48:28]} Bc8 {[%clk 1:09:29]} 21. Ra4 {[%clk 0:47:15]} e5
{[%clk 1:02:30]} 22. Rh4 {[%clk 0:42:03]} Qg6 {[%clk 1:02:07]} 23. Bxd5+
{[%clk 0:34:51]} Nxd5 {[%clk 1:02:23]} 24. Rxd5 {[%clk 0:35:00]} Bb6
{[%clk 0:45:20]} 25. b4 {[%clk 0:28:19]} Bxc5 {[%clk 0:42:45]} 26. Rxc5
{[%clk 0:28:12]} Bg4 {[%clk 0:38:17]} 27. Qc4+ {[%clk 0:27:40]} Be6
{[%clk 0:36:42]} 28. Qe4 {[%clk 0:26:17]} Rd8 {[%clk 0:34:22]} 29. h3
{[%clk 0:25:02]} Qxe4 {[%clk 0:34:26]} 30. Rxe4 {[%clk 0:25:31]} Bd5
{[%clk 0:34:55]} 31. Re3 {[%clk 0:25:18]} b6 {[%clk 0:35:09]} 32. Rxd5
{[%clk 0:23:09]} Rxd5 {[%clk 0:35:37]} 33. Nxe5 {[%clk 0:22:52]} Nxe5
{[%clk 0:35:01]} 34. Bxe5 {[%clk 0:23:12]} Rd1+ {[%clk 0:35:04]}  0-1

[Event "Olomouc Chess Summer 2022 - D"]
[Site "Olomouc (CZE), Hotel Flora"]
[Date "2022.08.14"]
[Round "3"]
[Board "4"]
[White "Dvorak, Vladimir"]
[Black "Kubicek, Antonin"]
[Result "1/2-1/2"]
[WhiteElo "1900"]
[BlackElo "2084"]
[PlyCount "0"]
[EventDate "2022.08.13"]
[EventRounds "9"]
[EventCountry "CZE"]

1. e4 {[%clk 1:30:55]} g6 {[%clk 1:30:54]} 2. d4 {[%clk 1:31:16]} Bg7
{[%clk 1:31:21]} 3. Nc3 {[%clk 1:31:33]} d6 {[%clk 1:31:43]} 4. Be3
{[%clk 1:31:33]} c6 {[%clk 1:31:00]} 5. Qd2 {[%clk 1:29:53]} b5 {[%clk 1:30:51]}
6. Bd3 {[%clk 1:26:58]} a6 {[%clk 1:26:38]} 7. f4 {[%clk 1:24:23]} Nf6
{[%clk 1:24:34]} 8. Nf3 {[%clk 1:20:03]} Nbd7 {[%clk 1:22:03]} 9. e5
{[%clk 1:15:20]} Nd5 {[%clk 1:16:53]} 10. Nxd5 {[%clk 1:13:45]} cxd5
{[%clk 1:17:20]} 11. O-O {[%clk 1:06:44]} Nb6 {[%clk 1:11:25]} 12. Qf2
{[%clk 0:53:15]} Bf5 {[%clk 1:03:10]} 13. Bxf5 {[%clk 0:47:54]} gxf5
{[%clk 1:03:38]} 14. Rae1 {[%clk 0:45:18]} e6 {[%clk 1:02:57]} 15. c3
{[%clk 0:40:19]} Nd7 {[%clk 0:59:43]} 16. Qg3 {[%clk 0:38:49]} Bf8
{[%clk 0:58:04]} 17. Bd2 {[%clk 0:32:17]} h6 {[%clk 0:46:32]} 18. Qh3
{[%clk 0:28:58]} Rg8 {[%clk 0:43:06]} 19. exd6 {[%clk 0:26:12]} Qf6
{[%clk 0:43:10]} 20. Ne5 {[%clk 0:23:14]} Bxd6 {[%clk 0:43:19]} 21. Rf3
{[%clk 0:22:27]} O-O-O {[%clk 0:40:47]} 22. Rg3 {[%clk 0:22:00]} Rxg3
{[%clk 0:34:31]} 23. Qxg3 {[%clk 0:22:19]} Nb6 {[%clk 0:32:35]} 24. b3
{[%clk 0:19:58]} Kb7 {[%clk 0:31:36]} 25. Qd3 {[%clk 0:18:37]} Rg8
{[%clk 0:29:28]} 26. a4 {[%clk 0:18:10]} Bxe5 {[%clk 0:24:38]} 27. dxe5
{[%clk 0:14:37]} Qg7 {[%clk 0:22:44]} 28. g3 {[%clk 0:14:25]} bxa4
{[%clk 0:22:44]} 29. Be3 {[%clk 0:10:30]} Rc8 {[%clk 0:07:23]} 30. Bxb6
{[%clk 0:10:10]} Kxb6 {[%clk 0:07:52]} 31. Qd4+ {[%clk 0:10:20]} Kb7
{[%clk 0:07:42]} 32. Qb4+ {[%clk 0:07:25]} Ka7 {[%clk 0:06:12]} 33. Qe7+
{[%clk 0:07:23]} Ka8 {[%clk 0:06:40]} 34. bxa4 {[%clk 0:06:45]} Qf8
{[%clk 0:06:28]} 35. Qxf8 {[%clk 0:05:58]} Rxf8 {[%clk 0:06:56]} 36. Rb1
{[%clk 0:06:19]} Rc8 {[%clk 0:06:12]} 37. Rb3 {[%clk 0:05:48]} Rc4
{[%clk 0:06:29]} 38. Kf2 {[%clk 0:05:32]} Rxa4 {[%clk 0:06:22]} 39. Ke3
{[%clk 0:05:52]} Ka7 {[%clk 0:06:20]} 40. h4 {[%clk 0:05:57]} Rc4
{[%clk 0:06:02]} 41. Kd3 {[%clk 0:05:22]} a5 {[%clk 0:04:32]} 42. Rb5
{[%clk 0:04:14]} a4 {[%clk 0:03:47]} 43. Ra5+ {[%clk 0:04:26]} Kb7
{[%clk 0:02:18]} 44. Rb5+ {[%clk 0:00:50]} Kc7 {[%clk 0:00:55]} 45. Ra5
{[%clk 0:00:37]} Kd7 {[%clk 0:00:34]} 46. Ra7+ {[%clk 0:27:41]} Ke8
{[%clk 0:30:46]} 47. Ra8+ {[%clk 0:28:01]} Ke7 {[%clk 0:31:14]} 48. Rb8
{[%clk 0:27:52]} Re4 {[%clk 0:30:57]} 49. Ra8 {[%clk 0:25:15]} h5
{[%clk 0:29:27]} 50. Kd2 {[%clk 0:23:28]} Kd7 {[%clk 0:24:29]} 51. Ra7+
{[%clk 0:21:06]} Ke8 {[%clk 0:24:08]} 52. Ra8+ {[%clk 0:21:23]} Ke7
{[%clk 0:24:36]} 53. Ra7+ {[%clk 0:21:19]} Kf8 {[%clk 0:25:02]} 54. Ra8+
{[%clk 0:21:02]} Kg7 {[%clk 0:25:18]} 55. Re8 {[%clk 0:17:15]} d4
{[%clk 0:22:56]} 56. cxd4 {[%clk 0:16:34]} Rxd4+ {[%clk 0:23:24]} 57. Ke3
{[%clk 0:16:51]} Rb4 {[%clk 0:23:19]} 58. Ra8 {[%clk 0:16:21]} Rb3+
{[%clk 0:23:41]} 59. Kf2 {[%clk 0:16:12]} a3 {[%clk 0:24:05]} 60. Kg2
{[%clk 0:12:06]} Rb2+ {[%clk 0:24:25]} 61. Kf3 {[%clk 0:11:59]} a2
{[%clk 0:24:37]} 62. Ke3 {[%clk 0:09:54]} f6 {[%clk 0:24:28]} 63. exf6+
{[%clk 0:07:52]} Kxf6 {[%clk 0:24:42]} 64. Ra7 {[%clk 0:07:45]} Rc2
{[%clk 0:23:22]} 65. Kf3 {[%clk 0:06:27]} Rc3+ {[%clk 0:17:34]} 66. Kf2
{[%clk 0:06:26]}  1/2-1/2

[Event "Olomouc Chess Summer 2022 - D"]
[Site "Olomouc (CZE), Hotel Flora"]
[Date "2022.08.14"]
[Round "3"]
[Board "5"]
[White "Sedlak, Ludek"]
[Black "Mikulas, Dusan"]
[Result "1/2-1/2"]
[WhiteElo "1852"]
[BlackElo "2045"]
[PlyCount "0"]
[EventDate "2022.08.13"]
[EventRounds "9"]
[EventCountry "CZE"]

1. e4 {[%clk 1:30:58]} c5 {[%clk 1:30:47]} 2. Nf3 {[%clk 1:31:21]} d6
{[%clk 1:31:11]} 3. d4 {[%clk 1:31:38]} cxd4 {[%clk 1:31:37]} 4. Nxd4
{[%clk 1:31:08]} Nf6 {[%clk 1:31:58]} 5. Nc3 {[%clk 1:31:35]} Nc6
{[%clk 1:32:21]} 6. h3 {[%clk 1:22:24]} g6 {[%clk 1:28:33]} 7. Bc4
{[%clk 1:19:08]} Qb6 {[%clk 1:21:56]} 8. Nxc6 {[%clk 1:15:50]} bxc6
{[%clk 1:22:13]} 9. O-O {[%clk 1:16:05]} Bg7 {[%clk 1:21:13]} 10. Bb3
{[%clk 1:10:26]} O-O {[%clk 1:19:53]} 11. Be3 {[%clk 1:10:16]} Qc7
{[%clk 1:19:20]} 12. Qd2 {[%clk 1:08:26]} a5 {[%clk 1:08:52]} 13. a4
{[%clk 1:03:26]} Rb8 {[%clk 1:04:44]} 14. f3 {[%clk 0:58:37]} Be6
{[%clk 1:02:24]} 15. Bxe6 {[%clk 0:58:06]} fxe6 {[%clk 1:02:49]} 16. b3
{[%clk 0:56:59]} Rf7 {[%clk 0:58:23]} 17. Rad1 {[%clk 0:54:24]} Rbf8
{[%clk 0:50:28]} 18. e5 {[%clk 0:46:30]}  1/2-1/2

[Event "Olomouc Chess Summer 2022 - D"]
[Site "Olomouc (CZE), Hotel Flora"]
[Date "2022.08.14"]
[Round "3"]
[Board "6"]
[White "Kotva, Milan"]
[Black "Vales, Vaclav"]
[Result "0-1"]
[WhiteElo "1829"]
[BlackElo "2036"]
[PlyCount "0"]
[EventDate "2022.08.13"]
[EventRounds "9"]
[EventCountry "CZE"]

1. e4 {[%clk 1:30:56]} c5 {[%clk 1:30:56]} 2. Nf3 {[%clk 1:31:16]} Nc6
{[%clk 1:31:22]} 3. Nc3 {[%clk 1:31:22]} e5 {[%clk 1:31:23]} 4. Bc4
{[%clk 1:26:35]} Be7 {[%clk 1:31:31]} 5. O-O {[%clk 1:24:20]} d6 {[%clk 1:31:02]}
6. d3 {[%clk 1:23:32]} h6 {[%clk 1:31:26]} 7. Nd5 {[%clk 1:18:32]} Bg5
{[%clk 1:28:41]} 8. h3 {[%clk 1:11:00]} Bxc1 {[%clk 1:26:49]} 9. Rxc1
{[%clk 1:10:08]} Nf6 {[%clk 1:25:58]} 10. c3 {[%clk 1:07:07]} O-O
{[%clk 1:24:49]} 11. a3 {[%clk 1:07:12]} Nxd5 {[%clk 1:23:18]} 12. Bxd5
{[%clk 1:07:06]} Ne7 {[%clk 1:23:44]} 13. Ba2 {[%clk 1:06:47]} Ng6
{[%clk 1:21:56]} 14. d4 {[%clk 1:06:38]} Qe7 {[%clk 1:22:12]} 15. Re1
{[%clk 1:01:33]} Nf4 {[%clk 1:17:45]} 16. Re3 {[%clk 1:00:30]} Qf6
{[%clk 1:13:05]} 17. Kh2 {[%clk 0:46:41]} Be6 {[%clk 1:06:45]} 18. dxe5
{[%clk 0:45:55]} dxe5 {[%clk 1:07:07]} 19. Bd5 {[%clk 0:44:55]} c4
{[%clk 1:03:38]} 20. Qf1 {[%clk 0:40:29]} Bxd5 {[%clk 1:00:31]} 21. exd5
{[%clk 0:40:48]} Nd3 {[%clk 1:00:55]} 22. Rc2 {[%clk 0:37:18]} b5
{[%clk 0:51:34]} 23. Ne1 {[%clk 0:33:49]} Nc5 {[%clk 0:50:56]} 24. Rce2
{[%clk 0:31:43]} e4 {[%clk 0:46:14]} 25. Rd2 {[%clk 0:27:16]} Qd6+
{[%clk 0:42:30]} 26. g3 {[%clk 0:26:22]} f5 {[%clk 0:42:42]} 27. f4
{[%clk 0:24:45]} Nd3 {[%clk 0:40:47]} 28. Nc2 {[%clk 0:21:31]} Qxd5
{[%clk 0:35:33]} 29. Nd4 {[%clk 0:21:58]} a6 {[%clk 0:35:40]} 30. Rg2
{[%clk 0:21:07]} Qd6 {[%clk 0:31:26]} 31. Qe2 {[%clk 0:19:16]} Kh7
{[%clk 0:29:17]} 32. Qh5 {[%clk 0:18:50]} g6 {[%clk 0:29:25]} 33. Qd1
{[%clk 0:17:27]} Rad8 {[%clk 0:24:14]} 34. h4 {[%clk 0:17:36]} Nc5
{[%clk 0:22:27]} 35. Rd2 {[%clk 0:17:20]} Qf6 {[%clk 0:21:40]} 36. Ree2
{[%clk 0:15:51]} Rf7 {[%clk 0:20:09]} 37. Qg1 {[%clk 0:14:58]} Rfd7
{[%clk 0:18:40]} 38. Qe3 {[%clk 0:14:13]} Rd5 {[%clk 0:16:13]} 39. Nc2
{[%clk 0:13:01]} Rd3 {[%clk 0:15:39]} 40. Qf2 {[%clk 0:12:01]} Nb3
{[%clk 0:15:56]} 41. Rxd3 {[%clk 0:11:01]} cxd3 {[%clk 0:16:10]}  0-1

[Event "Olomouc Chess Summer 2022 - D"]
[Site "Olomouc (CZE), Hotel Flora"]
[Date "2022.08.14"]
[Round "3"]
[Board "7"]
[White "Vrana, Frantisek"]
[Black "Molnar, Jiri"]
[Result "0-1"]
[WhiteElo "2214"]
[BlackElo "1797"]
[PlyCount "0"]
[EventDate "2022.08.13"]
[EventRounds "9"]
[EventCountry "CZE"]

1. e4 {[%clk 1:30:57]} e6 {[%clk 1:28:00]} 2. d4 {[%clk 1:31:18]} d5
{[%clk 1:27:58]} 3. e5 {[%clk 1:31:40]} c5 {[%clk 1:28:07]} 4. Qg4
{[%clk 1:31:27]} cxd4 {[%clk 1:27:36]} 5. Nf3 {[%clk 1:31:51]} Nc6
{[%clk 1:27:18]} 6. Bd3 {[%clk 1:32:11]} Qc7 {[%clk 1:24:46]} 7. Bf4
{[%clk 1:31:43]} Nge7 {[%clk 1:24:09]} 8. O-O {[%clk 1:28:47]} Ng6
{[%clk 1:23:36]} 9. Re1 {[%clk 1:23:25]} Nxf4 {[%clk 1:22:29]} 10. Qxf4
{[%clk 1:23:49]} f5 {[%clk 1:21:57]} 11. a3 {[%clk 1:23:24]} Be7 {[%clk 1:21:03]}
12. h4 {[%clk 1:23:47]} Bd7 {[%clk 1:19:16]} 13. b4 {[%clk 1:21:38]} Qb6
{[%clk 1:17:18]} 14. Nbd2 {[%clk 1:21:53]} O-O {[%clk 1:16:12]} 15. Nb3
{[%clk 1:20:48]} Rac8 {[%clk 1:15:11]} 16. g4 {[%clk 1:18:05]} fxg4
{[%clk 1:12:59]} 17. Qxg4 {[%clk 1:18:31]} Rf7 {[%clk 1:11:50]} 18. Ng5
{[%clk 1:14:15]} Bxg5 {[%clk 1:11:32]} 19. hxg5 {[%clk 1:14:38]} g6
{[%clk 1:10:52]} 20. f4 {[%clk 1:09:24]} Ne7 {[%clk 1:07:41]} 21. Nc5
{[%clk 1:06:49]} Nf5 {[%clk 1:07:12]} 22. Bxf5 {[%clk 1:05:39]} gxf5
{[%clk 1:06:22]} 23. Qd1 {[%clk 1:05:53]} Qb5 {[%clk 1:04:54]} 24. Re2
{[%clk 1:03:03]} Rc7 {[%clk 1:03:54]} 25. Rg2 {[%clk 0:59:30]} b6
{[%clk 1:04:07]} 26. a4 {[%clk 0:56:25]} Qc4 {[%clk 1:03:10]} 27. Nd3
{[%clk 0:56:47]} Rg7 {[%clk 1:00:28]} 28. Ra3 {[%clk 0:51:31]} Be8
{[%clk 0:58:52]} 29. Rh2 {[%clk 0:49:36]} Rc8 {[%clk 0:56:08]} 30. Kh1
{[%clk 0:49:38]} Bg6 {[%clk 0:51:56]} 31. Rb3 {[%clk 0:46:56]} Rgc7
{[%clk 0:49:24]} 32. Qa1 {[%clk 0:39:35]} Be8 {[%clk 0:40:06]} 33. Rd2
{[%clk 0:30:08]} Qa6 {[%clk 0:36:10]} 34. Rb2 {[%clk 0:17:38]} Qxa4
{[%clk 0:27:23]} 35. Ra2 {[%clk 0:17:54]} Qd7 {[%clk 0:23:01]} 36. Kg2
{[%clk 0:11:46]} Qf7 {[%clk 0:21:36]} 37. Qh1 {[%clk 0:11:45]} Bb5
{[%clk 0:21:25]} 38. Ne1 {[%clk 0:11:49]} Rc4 {[%clk 0:20:57]} 39. Rb2
{[%clk 0:11:54]} Qf8 {[%clk 0:19:09]} 40. Nd3 {[%clk 0:12:05]} Ba4
{[%clk 0:17:37]} 41. Qb1 {[%clk 0:10:53]} Qe8 {[%clk 0:17:25]} 42. Ra2
{[%clk 0:08:11]} Rc3 {[%clk 0:11:41]} 43. Qd1 {[%clk 0:05:59]} R8c7
{[%clk 0:07:08]} 44. Ne1 {[%clk 0:05:37]} Bb5 {[%clk 0:02:36]} 45. Rxd4
{[%clk 0:28:43]} a6 {[%clk 0:30:15]} 46. Rb2 {[%clk 0:25:41]} Rg7
{[%clk 0:30:01]} 47. Rb3 {[%clk 0:24:51]} Qc8 {[%clk 0:29:30]} 48. Rxc3
{[%clk 0:23:45]} Qxc3 {[%clk 0:29:42]} 49. Nf3 {[%clk 0:19:41]} Rc7
{[%clk 0:27:51]} 50. Rd2 {[%clk 0:19:13]} Qxb4 {[%clk 0:26:01]} 51. Kg3
{[%clk 0:17:56]} Rc3 {[%clk 0:23:49]} 52. Rxd5 {[%clk 0:15:01]} exd5
{[%clk 0:11:31]} 53. Qxd5+ {[%clk 0:15:12]} Kf8 {[%clk 0:10:59]} 54. Qd8+
{[%clk 0:15:06]} Kf7 {[%clk 0:06:54]} 55. Qf6+ {[%clk 0:13:47]} Ke8
{[%clk 0:06:53]} 56. e6 {[%clk 0:14:00]} Rxf3+ {[%clk 0:05:01]} 57. Kxf3
{[%clk 0:14:18]} Qe4+ {[%clk 0:04:37]} 58. Kf2 {[%clk 0:13:13]} Qxf4+
{[%clk 0:04:00]} 59. Ke1 {[%clk 0:13:26]} Qe3+ {[%clk 0:03:36]} 60. Kd1
{[%clk 0:13:05]} Be2+ {[%clk 0:04:02]} 61. Ke1 {[%clk 0:13:23]} Bf3+
{[%clk 0:04:26]}  0-1

[Event "Olomouc Chess Summer 2022 - D"]
[Site "Olomouc (CZE), Hotel Flora"]
[Date "2022.08.14"]
[Round "3"]
[Board "8"]
[White "Bartos, Jan"]
[Black "Kucera, Jiri"]
[Result "1-0"]
[WhiteElo "2137"]
[BlackElo "1967"]
[PlyCount "0"]
[EventDate "2022.08.13"]
[EventRounds "9"]
[EventCountry "CZE"]

1. d4 {[%clk 1:30:57]} d5 {[%clk 1:29:42]} 2. Nf3 {[%clk 1:31:16]} Nf6
{[%clk 1:27:40]} 3. c4 {[%clk 1:31:41]} c6 {[%clk 1:26:51]} 4. e3
{[%clk 1:31:10]} g6 {[%clk 1:23:05]} 5. Nc3 {[%clk 1:31:30]} Bg7 {[%clk 1:23:15]}
6. Be2 {[%clk 1:31:56]} O-O {[%clk 1:21:33]} 7. O-O {[%clk 1:32:21]} Bg4
{[%clk 1:16:02]} 8. cxd5 {[%clk 1:31:14]} cxd5 {[%clk 1:07:44]} 9. Qb3
{[%clk 1:30:50]} Bc8 {[%clk 1:00:53]} 10. Bd2 {[%clk 1:30:27]} Nc6
{[%clk 1:01:11]} 11. Rfc1 {[%clk 1:30:03]} e6 {[%clk 0:55:40]} 12. Na4
{[%clk 1:27:19]} Ne4 {[%clk 0:54:51]} 13. Be1 {[%clk 1:26:48]} Na5
{[%clk 0:40:25]} 14. Qa3 {[%clk 1:19:43]} Nc4 {[%clk 0:30:08]} 15. Bxc4
{[%clk 1:01:53]} dxc4 {[%clk 0:30:36]} 16. Bb4 {[%clk 1:01:08]} Re8
{[%clk 0:30:12]} 17. Nc5 {[%clk 0:59:33]} Nd6 {[%clk 0:18:52]} 18. Nd2
{[%clk 0:43:08]} b6 {[%clk 0:13:41]} 19. Nce4 {[%clk 0:40:21]} Nb5
{[%clk 0:11:34]} 20. Qa4 {[%clk 0:40:20]} Bd7 {[%clk 0:11:32]} 21. Qa6
{[%clk 0:38:35]} f5 {[%clk 0:11:04]} 22. Ng3 {[%clk 0:36:30]} Qc8
{[%clk 0:06:51]} 23. Qxc8 {[%clk 0:35:55]} Raxc8 {[%clk 0:07:17]} 24. Nxc4
{[%clk 0:35:13]} a5 {[%clk 0:00:47]} 25. Bd2 {[%clk 0:23:10]} Rb8
{[%clk 0:00:37]} 26. a4 {[%clk 0:22:59]} Na7 {[%clk 0:00:42]} 27. Nd6
{[%clk 0:23:05]} Red8 {[%clk 0:01:02]} 28. Rc7 {[%clk 0:23:07]} Nc6
{[%clk 0:00:54]} 29. Nb7 {[%clk 0:23:16]}  1-0